Quizzes
Events
Quiz Creation
Community
Videos
Private Events
Remove Ads
Sign In
Join for FREE
Feedback
Dark Mode
Quiz Categories
Sports
Geography
Music
Movies
Television
Just For Fun
Miscellaneous
History
Literature
Language
Science
Gaming
Entertainment
Religion
Holiday
For Kids
Quiz Lab
Recent
Popular Today
Quiz Kudos Today
Editor Picks
Curator Picks
Quizzes by...
Day
Popularity
Type
Ratings
Length
Year
Community
Subscriptions
Recent Discussions
Orange Saloon
Badges
Playlists
Quests
Create
Leaderboards
Showdown
Live 5
Trivia Bingo
Activity
Puzzle Library
Sporcle Events
Private Events
Virtual Trivia
Globe League
Become a Host
Pub Owners
SporcleCon
Opinionation
Our Games
Videos
Blog
Mobile Apps
Partnerships
Remove Ads and Go Orange
Feedback
Music
Pop Music
The Beatles
Song
Album
Lyrics
Bands
Singers
Artist
Clip
Rock
Rap
Classical
Billboard
Country Music
Kpop
Taylor Swift
Music
Pop Music
The Beatles
Song
Album
Lyrics
Bands
Singers
Artist
Clip
Rock
Rap
Classical
Billboard
Country Music
Kpop
Taylor Swift
Random Quiz
Search Sporcle
×
Quiz Lab
Quiz Lab
Music
Musical
Select answers by clicking on text or image buttons
Select answers by clicking on text or image buttons
Clickable
Best Score? Go Orange.
Second Sentence: Rodgers and Hammerstein Songs Stats
Can you pick the Second Sentence of these Rodgers and Hammerstein songs?
By
sarahandchris
10m
30 Questions
155 Plays
155 Plays
155 Plays
Comments
Comments
Give Quiz Kudos
Give Quiz Kudos
-
- Ratings
hide this ad
Forced Order
Answers have to be entered in order
Answers have to be entered in order
Replay
Link that replays current quiz
Next Quiz
Link to next quiz in quiz playlist
You Got
0%
They Got
Avg Score
64%
Avg Friend Score
Upgrade to see
Score Distribution
Jump to the score distribution portion of the page
Score
0/30
Timer
10:00
0
Plays Today
% Correct
Do-Re-Mi
96.8%
My Favourite Things
95.5%
The Lonely Goatherd
94.8%
Sixteen Going On Seventeen
89.7%
Maria
85.2%
Climb Ev'ry Mountain
84.5%
In My Own Little Corner
83.2%
June Is Bustin' Out All Over
80%
Some Enchanted Evening
79.4%
Bali Ha'i
76.1%
I Cain't Say No
71.6%
You'll Never Walk Alone
71%
Honey Bun
69.7%
Kansas City
69%
There is Nothing Like a Dame
68.4%
% Correct
Do I Love You Because You're Beautiful?
65.2%
The Stepsisters' Lament
65.2%
Mister Snow
63.2%
We Kiss in a Shadow
63.2%
Shall We Dance?
56.8%
Hello, Young Lovers
55.5%
I Have Confidence
49.7%
Something Wonderful
47.7%
All 'Er Nothin'
45.8%
The Sound of Music
45.2%
Out of My Dreams
42.6%
A Fellow Needs a Girl
38.1%
Boys and Girls Like You and Me
25.8%
It Might As Well Be Spring
23.9%
Isn't It Kind of Fun?
19.4%
Quiz Playlist
Details
Report
Send in Message
Add To Playlist
Clickable:
Select answers by clicking on text or image buttons
Forced Order:
Answers have to be entered in order
Last Updated: Feb 16, 2017
Quiz Scoreboard
CHALLENGE
Sign Up to Join the Scoreboard
Show All
Scores
Hide
Comments
May contain spoilers
Recently Published
An Introduction to Baseball
by treessimontrees
Sports
5m
Movies - When Are They Set?
by FPL_Elf
Movies
5m
Popular People in 1961
by mucciniale
History
6m
More to Explore
Quiz From the Vault
Featured Blog Post
Where Did the Easter Bunny Come From?
hide this ad
You Might Also Like...
Tags
Clickable Quiz
Musical Quiz
Hammerstein
Musical Songs
Musical Theater
second
sentence
Today's Top Quizzes in Music
Browse Music
hide this ad
Today's Top Quizzes in Musical
Browse Musical
Top Contributed Quizzes in Music
1
Taylor Swift All Songs (2024)
2
Guess the Artist- 70s Songs
3
KPOP LOGIC QUIZ
4
One Thing in Common: Music
5
2010s Album by Cover III
6
Guess the Taylor Swift song (Mystery Song)
7
Taylor Swift Logic Puzzle
8
2010s Album by Cover IV
9
2010s Album by Cover V
10
Kpop Logic Quiz
Explore More
Trending Topics
Marvel
Anime
Crossword
Kpop
NBA
Disney
Harry Potter
The Office
Song
Pokémon
Soccer
WWE
Puzzle
NFL
Country
hide this ad
More By:
sarahandchris
Quiz
Plays
Rating
Category
Featured
Created
Second Sentence: Disney Animated Features
89,018
4.51
Movies
Jun 24, 2014
Second Sentence: Famous Plays
1,744
4.76
Literature
Jul 22, 2014
Second Sentence: Les Miserables
711
5.00
Music
Jul 2, 2014
Second Sentence: Harry Potter Minesweeper
683
3.67
Literature
Jul 22, 2014
Second Sentence: Disney songs
356
4.14
Movies
Jun 23, 2014
Go to Creator's Profile
Score Distribution
Quiz Creator Spotlight
sarahandchris
Follow
Send a Message
Quizzes Created
-
Created Quiz Play Count
-
More By This Creator
Popular Quizzes Today
1
Find the Countries of Europe - No Outlines Minefield
2
Find the US States - No Outlines Minefield
3
The Countries of the World
4
Popular People in 1961
5
Find the US States
6
US States
7
1-10 Letter E Words III
8
Risky Map Clicking: Biggest States A-Z
More Music Quizzes
Figure out the Sweeney Todd Lyrics 5
Quiz Lab
Trending Quizzes
Risky Map Clicking: Least Populous States A-Z
1-10 Letter F Words
1-10 Letter G Words
Not Quite an Element Typing Challenge
One Thing in Common: United Kingdom
Recently Updated
Leaping Animals
pecheneg
Reality TV Shows (A-Z)
bhenderson79
Rickey Henderson's Hall of Fame Teammates
pecheneg
Champions League XIs: Arsenal
pecheneg
Quick Pick: Celebrities in WWE's Hall of Fame
aduchscher
A-Z Keypad Blitz II
pecheneg
Multiple Oscar Actors
pecheneg
Mystery Phrase Blitz: Oscar 'Best Actors'
pecheneg
F. Scott Fitzgerald Novels
LTH
Pick 3 Villains
ddd62291
Trending Topics
Disney
NBA
Kpop
Anime
Marvel
Harry Potter
Crossword
Pokémon
WWE
Puzzle
Song
The Office
NFL
Soccer
Country
Your Account Isn't Verified!
In order to create a playlist on Sporcle, you need to verify the email address you used during registration. Go to your
Sporcle Settings
to finish the process.
Report this User
Report this user for behavior that violates our
Community Guidelines
.
Details:
Send Report
Go to the Sporcle.com Mobile Site →
Comments